000 00594cam a22002053a 4500
001 44013
003 PGUSA
005 20140828084013.0
008 131022s2013||||xxu|||||s|||||000 | eng d
040 _aPGUSA
_beng
042 _adc
100 1 _aChapman, Allen
245 1 0 _aTom Fairfield at Sea ;
_bor, The Wreck of the Silver Star
_h[electronic resource] /
_cAllen Chapman
260 _bProject Gutenberg,
_c2013
506 _aPublic domain in the USA.
516 _aElectronic text
830 0 _aProject Gutenberg
_v44013
856 4 0 _uhttp://www.gutenberg.org/ebooks/44013
942 _cEB
999 _c273264
_d273264